000
00303nam a22001337a 4500
008
181031b xxu||||| |||| 00| 0 eng d
020
_a
9782894292341
041
_a
eng
080
_a
521
100
_a
42
101
_a
AST
245
_a
The Complete handbook of Astrology
_c
Bugler,C
942
_2
udc
_c
BK
999
_c
51216
_d
51216